000 00510nam a2200169Ia 4500
003 GCL
008 140319s9999 xx 000 0 ara d
040 _aGCL /
_cGCL
082 0 4 _aق
_b726.1
_bم ت
245 1 0 _aتاريخ ووصف مسجد المغفور له محمد على باشا الكبير بالقلعة
300 _a32 ص
490 _aكتاب
_v0
650 0 4 _aالمساجد - تاريخ
650 0 4 _aجامع محمد على
650 0 4 _aالقاهرة - المساجد
942 _2ddc
_cBK
999 _c43084
_d43084